Dr Who Episodes since 2005 - Statistics

General Stats
  • This quiz has been taken 424 times
    421 since last reset
  • The average score is 39 of 117
Answer Stats
Hint Answer % Correct
Rose
85%
Dalek
73%
Blink
64%
Bad Wolf
56%
New Earth
54%
Doomsday
52%
Silence in the Library
50%
The Doctor Dances
50%
End of the World
49%
Father's Day
48%
Smith and Jones
48%
The Christmas Invasion
48%
The Eleventh Hour
48%
Turn Left
48%
Waters of Mars
48%
The Day of the Doctor
47%
Tooth and Claw
47%
Empty Child
46%
Midnight
46%
Love and Monsters
44%
The Girl in the Fireplace
44%
Age of Steel
43%
Fires of Pompeii
43%
Gridlock
43%
World War Three
43%
Runaway Bride
42%
Utopia
42%
School Reunion
41%
The Family of Blood
41%
42
40%
Boom Town
40%
Fear Her
40%
The Pandorica Opens
40%
The Angels Take Manhattan
39%
Planet of the Ood
38%
The Doctor's Daughter
38%
The Satan Pit
38%
The Shakespeare Code
38%
Beast Below
37%
Rise of the Cybermen
37%
The Unicorn and the Wasp
37%
Unquiet Dead
37%
Voyage of the Damned
37%
Army of Ghosts
36%
Dinosaurs on a Spaceship
36%
The Time of the Doctor
36%
Let's Kill Hitler
35%
Parting of the Ways
35%
Partners in Crime
35%
Stolen Earth
35%
Daleks in Manhattan
34%
Idiot's Lantern
34%
The Long Game
34%
The Poison Sky
34%
Vampires of Venice
34%
Aliens of London
33%
Impossible Planet
33%
The Lazarus Experiment
33%
Journey's End
32%
The Big Bang
32%
The Power of Three
32%
A Christmas Carol
31%
A Good Man Goes To War
31%
Amy's Choice
31%
End of Time Part 1
31%
End of Time Part 2
31%
Sound of Drums
31%
The Impossible Astronaut
31%
The Lodger
31%
Forest of the Dead
30%
Human Nature
30%
Planet of the Dead
30%
The Name of the Doctor
30%
Vincent and the Doctor
30%
The Bells of Saint John
29%
The Next Doctor
29%
Victory of the Daleks
29%
Asylum of the Daleks
28%
Deep Breath
28%
Flesh and Stone
28%
Last of the Time Lords
27%
The Doctor's Wife
27%
The Girl Who Waited
26%
The Snowmen
26%
The Wedding of River Song
25%
A Town Called Mercy
24%
Curse of the Black Spot
24%
The Almost People
23%
The Hungry Earth
23%
Closing Time
22%
Evolution of the Daleks
22%
Listen
22%
Nightmare in Silver
22%
Cold Blood
21%
Day of the Moon
21%
Mummy on the Orient Express
21%
The Doctor the Widow and the Wardrobe
21%
The God Complex
21%
Journey to the Centre of the Tardis
20%
The Crimson Horror
20%
The Rebel Flesh
20%
The Sontaran Strategem
20%
Hide
19%
Into the Dalek
19%
Kill the Moon
19%
The Caretaker
19%
The Rings of Akhaten
19%
Time of Angels
19%
Cold War
18%
Night Terrors
18%
Dark Water
17%
Flatline
17%
Death in Heaven
15%
In the Forest of the Night
14%
Last Christmas
14%
Time Heist
14%
Robot of Sherwood
13%
No matching quizzes found
Score Distribution
Percent of People with Each Score
Percentile by Number Answered
Your Score History
You have not taken this quiz since the last reset